[Event "Baghdad op 6th"]
[Site "Baghdad"]
[Date "2018.03.17"]
[Round "6"]
[White "Aram, Adam"]
[Black "Noah, AH Al Ali"]
[Result "0-1"]
[WhiteElo "2118"]
[BlackElo "2299"]
[PlyCount "192"]
[EventDate "2018.03.14"]
[EventType "swiss"]
[EventRounds "9"]
[EventCountry "IRQ"]
[SourceTitle "CBM 183 Extra"]
[Source "ChessBase"]
[SourceDate "2018.04.19"]
[SourceVersion "1"]
[SourceVersionDate "2018.04.19"]
[SourceQuality "1"]

1. e4 d6 2. d4 g6 3. c4 Bg7 4. Nc3 Nd7 5. Be3 c5 6. d5 Ngf6 7. h3 0-0 8. Be2 a6 9. a4 Qb6 10. Qc2 e6 11. dxe6 fxe6 12. Nf3 Nh5 13. Ng5 Ne5 14. a5 Qd8 15. Bxh5 Nxc4 16. Bc1 gxh5 17. e5 Rf5 18. f4 h4 19. Qa4 d5 20. 0-0 Bd7 21. Qd1 h6 22. Nf3 Bc6 23. Qe1 Nxa5 24. Nxh4 Rh5 25. Nf3 d4 26. Ne4 Nb3 27. Rb1 Rf5 28. Nd6 Rf8 29. Nh4 Kh7 30. Qg3 c4 31. f5 Nxc1 32. Qg6+ Kh8 33. f6 Ne2+ 34. Kh2 Rxf6 35. Rxf6 Be8 36. Rf7 Qg5 37. Qxg5 hxg5 38. Ng6+ Kh7 39. Nxe8 Rxe8 40. Ne7 Kh6 41. g4 Bxe5+ 42. Kg2 Bd6 43. Nf5+ exf5 44. Rf6+ Kg7 45. Rxd6 f4 46. Rd7+ Kf6 47. Rxb7 Re3 48. Ra1 d3 49. Rxa6+ Re6 50. Rxe6+ Kxe6 51. Kf2 Nd4 52. Ra7 d2 53. Ra1 Nb3 54. Rd1 Ke5 55. Kf3 Kd4 56. h4 gxh4 57. g5 Kd3 58. g6 Nd4+ 59. Kxf4 Kc2 60. Rxd2+ Kxd2 61. Ke5 Nf3+ 62. Kf6 h3 63. g7 h2 64. g8Q h1Q 65. Qxc4 Qh6+ 66. Ke7 Qg5+ 67. Kd6 Qf6+ 68. Qe6 Qf8+ 69. Kc7 Nd4 70. Qd6 Qg7+ 71. Kb6 Kd3 72. b4 Qg5 73. Qd7 Kc4 74. Kb7 Nb5 75. Qe6+ Kxb4 76. Qe4+ Kc5 77. Qc2+ Kd4 78. Qb2+ Nc3 79. Qb6+ Kd3 80. Qd6+ Nd5 81. Kc6 Ke4 82. Qe6+ Kd4 83. Qd6 Qc1+ 84. Kd7 Qd1 85. Ke6 Qh5 86. Kd7 Qf7+ 87. Kc6 Qe8+ 88. Qd7 Qa8+ 89. Kd6 Qa6+ 90. Qc6 Qa3+ 91. Ke6 Qh3+ 92. Kf7 Qh7+ 93. Ke6 Qg8+ 94. Kd7 Qg7+ 95. Kd8 Ke5 96. Qd7 Qg5+ 0-1

[Event "SYR-ch"]
[Site "Damascus"]
[Date "2018.??.??"]
[Round "4"]
[White "Aram, Adam"]
[Black "Koniahli, Malek"]
[Result "1/2-1/2"]
[WhiteElo "2127"]
[BlackElo "2319"]
[PlyCount "103"]
[EventDate "2018.05.01"]
[EventType "tourn"]
[EventRounds "9"]
[EventCountry "SYR"]
[SourceTitle "CBM 184 Extra"]
[Source "ChessBase"]
[SourceDate "2018.06.28"]
[SourceVersion "1"]
[SourceVersionDate "2018.06.28"]
[SourceQuality "1"]

1. e4 g6 2. d4 Bg7 3. Nc3 d5 4. exd5 Nf6 5. Bb5+ Nbd7 6. Nge2 0-0 7. Bxd7 Qxd7 8. Nf4 b5 9. a3 Bb7 10. 0-0 Nxd5 11. Nfxd5 Bxd5 12. Nxd5 Qxd5 13. c3 a5 14. Re1 e6 15. Bf4 b4 16. axb4 axb4 17. Qd2 bxc3 18. bxc3 c5 19. dxc5 Qxc5 20. Rxa8 Rxa8 21. Rc1 Qc4 22. h3 h5 23. Qe3 Ra5 24. Bh6 Be5 25. Qb6 Rb5 26. Qd8+ Kh7 27. Be3 Kg7 28. Bd4 Bxd4 29. Qxd4+ Qxd4 30. cxd4 Kf6 31. g3 Rb4 32. Rd1 Rb5 33. Rd3 Ke7 34. Kg2 Kd6 35. h4 Kd5 36. Kf3 f6 37. Ke3 g5 38. Rc3 gxh4 39. gxh4 Ra5 40. Rb3 Kc4 41. Rb6 Kd5 42. Rb3 f5 43. f3 Ra4 44. Rb5+ Kd6 45. Rb8 Ra3+ 46. Kf4 Rd3 47. Rh8 Rxd4+ 48. Kg5 Ra4 49. Rxh5 Ra3 50. Kf4 Ra4+ 51. Kg5 Ra3 52. Kf4 1/2-1/2

[Event "SYR-ch"]
[Site "Damascus"]
[Date "2018.??.??"]
[Round "7"]
[White "Bitar, Yasser"]
[Black "Aram, Adam"]
[Result "0-1"]
[WhiteElo "2096"]
[BlackElo "2127"]
[PlyCount "42"]
[EventDate "2018.05.01"]
[EventType "tourn"]
[EventRounds "9"]
[EventCountry "SYR"]
[SourceTitle "CBM 184 Extra"]
[Source "ChessBase"]
[SourceDate "2018.06.28"]
[SourceVersion "1"]
[SourceVersionDate "2018.06.28"]
[SourceQuality "1"]

1. e4 e5 2. Nf3 Nc6 3. Bc4 Bc5 4. c3 Nf6 5. d4 exd4 6. cxd4 Bb4+ 7. Bd2 Bxd2+ 8. Nbxd2 d5 9. exd5 Nxd5 10. 0-0 0-0 11. Bb5 Nce7 12. Ne4 c6 13. Ba4 Ng6 14. h3 Ndf4 15. Re1 Be6 16. Bb3 Bd5 17. Nc3 Nxg2 18. Rf1 N2f4 19. Bxd5 cxd5 20. Kh2 Qd6 21. Nb5 Qd7 0-1